000 00595nam a2200229Ia 4500
003 GCL
008 140319s9999 xx 000 0 eng d
040 _aGCL /
_cGCL
082 0 4 _aCC
_b907.4
_bA T
100 1 _aASAHI SHIMBUN
245 1 0 _aTUTANKHAMEN EXHIBTION IN JAPAN 1965 /
_cASAHI SHIMBUN
260 _a[S.N] :
_bASAHI SHIMBUN ،
_c1965
650 0 4 _aTUTANCHAMON
650 0 4 _aANCIENT EGYPT
650 0 4 _aEGYPTOLOGY
650 0 4 _aJAPAN
650 0 4 _aEGYPT HISTORY TO 332 B.C
650 0 4 _aEGYPT, MUSEUMS
650 0 4 _aEXHIBITION
650 0 4 _aEGYPT - HISTORY
942 _2ddc
_cBK
999 _c20715
_d20715